00866nam a2200241 a 4500001001000000003000400010005001700014007000300031008004100034040002500075049000900100082002200109100003300131245005700164260007300221300002200294650003100316650003100347910003700378942001400415952017800429999001700607000030798OSt20240412074255.0ta110530s1937 dr 000 0 spa d aDO-SdBNPbspacBNPHU aBNPD74a863.42bR923m2221 aRuffin Ortíz, P. E.95735210aMuerte del payaso :bnovela /cP. E. Ruffin ortíz. aCiudad Trujillo, República Dominicana :bImprenta Fémina,c1937. a[54 p.] ;c22 cm. 0aLiteratura dominicana.967 7929128aNovelas dominicanas aValidado. Control de calidad MAA 2ddccLBS1 00102ddc718RVaBNPHUbPDcHDd2011-05-30iLF1l0oBINPHU PD-RV RD863.42 R923mp30798-10r2020-06-25w2020-06-25y1zPerteneció a la colección Carlos Larrazabal Blanco c30290d30290